|
|
|
|
| LEADER |
00000nam a22000007a 4500 |
| 005 |
20220513215122.0 |
| 007 |
cr|||| |||| |
| 008 |
220513s2021 br |||||s|||| 00||0 por d |
| 020 |
|
|
|a 978-65-5883-107-5
|
| 035 |
|
|
|a 36396
|
| 040 |
|
|
|a vLex
|
| 090 |
|
|
|c 13333
|d 13333
|
| 100 |
1 |
|
|a Teixeira do Vale, Silvia
|
| 245 |
1 |
0 |
|a Curso de direito constitucional do trabalho
|h [Recurso electrn̤ico] /
|c Silvia Teixeira do Vale, Rosangela Rodrigues D. de Lacerda
|
| 256 |
|
|
|a Servicio en ln̕ea
|
| 260 |
|
|
|a San Pablo:
|b LTR,
|c 2021
|
| 300 |
|
|
|a 1 recurso electrn̤ico
|
| 500 |
|
|
|a O livro Direito Constitucional do Trabalho, das autoras Silvia Teixeira e Rosangela Lacerda, supre uma lacuna no mercado por tratar de conted︢os relevantes para o direito do trabalho, sob a perspectiva constitucional, trazendo todos os elementos de argumentaȯ̂ e teorias reunidos em um n︢ico volume. Em vez de muitas obras esparsas, artigos cientf̕icos, dissertaė̳s e teses, o pb︢lico poder ̀ter acesso ao estudo aprofundado e abrangente de temas atuais, no ḿbito do direito constitucional do trabalho, de maneira sistematizada. Trata-se de instrumento indispensv̀el de preparaȯ̂ para as provas dissertativas, prt̀icas e orais dos concursos para Magistratura do Trabalho e Ministřio Pb︢lico do Trabalho, que proporcionar ̀o embasamento ter̤ico necessr̀io para um bom desempenho.
|
| 506 |
1 |
|
|a Disponible solo en los productos indicados
|d vLex Global
|d vLex Global (Academic Edition, excluding Law Schools)
|d vLex Global (U.S. Academic Edition, Law Schools)
|d vLex Global (U.S. Academic Edition, excluding Law Schools)
|d vLex Global (Academic Edition, Law Schools)
|
| 650 |
0 |
4 |
|a Derecho Laboral y Seguridad Social
|z Brasil
|
| 650 |
0 |
4 |
|a Derecho Constitucional
|z Brasil
|
| 700 |
1 |
|
|a D. de Lacerda, Rosangela Rodrigues
|
| 740 |
0 |
|
|a vLex Libros (Servicio en ln̕ea)
|
| 856 |
4 |
0 |
|u https://app.vlex.com/#/sources/36396
|z Acceso restringido
|
| 942 |
|
|
|c BOOK
|
| 999 |
0 |
|
|a Labor Law and Social Security
|
| 999 |
0 |
|
|a Constitutional Law
|